Największe miasta w Zurychu (kanton) - Statystyki

Ogólne statystyki
  • Ten quiz został rozwiązany 31 razy
    27 od ostatniego zresetowania
  • Średni wynik to 1 z 8
Statystyki odpowiedzi
Ludność Miasto % Poprawnych
341 000 Zurych
100%
91 000 Winterthur
22%
23 000 Uster
11%
19 000 Dübendorf
7%
20 000 Dietikon
4%
16 000 Kloten
4%
15 000 Adliswil
0%
15 000 Horgen
0%
Nie znaleziono quizów pasujących do podanych kryteriów
Rozkład punktacji
Procent ludzi z każdym wynikiem
Percentyl według liczby udzielonych odpowiedzi
Twoja historia wyników
Nie rozwiązałeś tego quizu od ostatniego zresetowania